00970 a2200217 450000100060000002000150000604000220002110000270004324000380007024500330010830000070014136200090014865000230015794200070018095201130018795201080030095201110040895201080051995201080062799900170073557149 a8532207111 cAnchieta - Pituba aBraz, Júlio Emílio10aEnquanto houver vida vivereilpor10aEnquanto houver vida viverei a630 a1998 4aLiteratura juvenil cBK 00104070a91.1b91.1d2023-11-21l0oLJ 028.5 B827e BRA ENQp7022/PITr2023-11-21 18:24:46w2023-11-21yBK 00102ddc4070a57.2b57.2d2024-05-02l0pnt56r2024-05-02 19:13:33w2024-05-02yBKzestante brancau 00102ddc4070a57.2b57.2d2024-05-02l0pnt57r2024-05-02 19:14:25t1w2024-05-02yBKzEstante Brancau 00102ddc4070a57.2b57.2d2024-05-02l0pnt58r2024-05-02 19:15:08w2024-05-02yBKzestante brancau 00102ddc4070a57.2b57.2d2024-05-02l0pnt59r2024-05-02 19:15:18w2024-05-02yBKzEstante Brancau c57149d57149